[Event "Koege Lang Sommer Weekend 2020"]
[Site "Koge"]
[Date "2020.07.24"]
[Round "3"]
[White "Moller, Arne Vagn"]
[Black "Olsson, Rasmus"]
[Result "1-0"]
[WhiteElo "1893"]
[BlackElo "1736"]
[EventDate "2020.07.??"]
[EventType "swiss"]
[EventRounds "7"]
[EventCountry "DEN"]

1. e4 c5 2. Nf3 Nc6 3. d4 cxd4 4. Nxd4 e5 5. Nb5 d6 6. N1c3 a6 7. Na3 Be7 8.
Nd5 Nf6 9. Nxf6+ Bxf6 10. c3 b5 11. Nc2 Be6 12. Ne3 Ne7 13. Ng4 d5 14. Nxf6+
gxf6 15. Qf3 Ng6 16. Bh6 dxe4 17. Qxe4 Bd5 18. Qb4 Qe7 19. a3 Rd8 20. Rd1 Rg8
21. Bxb5+ axb5 22. Qxb5+ Rd7 23. Rxd5 Nh4 24. Qb8+ Qd8 25. Qxd8+ Kxd8 26. Rxd7+
Kxd7 27. g3 Nf5 28. Bc1 h5 29. h4 Nd6 30. Ke2 Kc6 31. Rd1 f5 32. Rd3 Ne4 33.
Rf3 Nd6 34. Rd3 Ne4 35. c4 Nc5 36. Rc3 Nb3 37. Rxb3 1-0

[Event "Koege Lang Sommer Weekend 2020"]
[Site "Koge"]
[Date "2020.07.24"]
[Round "3"]
[White "Nielsen, Leo Kresten Roland"]
[Black "Koch Mueller, Oscar"]
[Result "1/2-1/2"]
[WhiteElo "1652"]
[BlackElo "1939"]
[EventDate "2020.07.??"]
[EventType "swiss"]
[EventRounds "7"]
[EventCountry "DEN"]

1. e4 e6 2. d4 d5 3. exd5 exd5 4. Nc3 Bb4 5. Nf3 Bg4 6. Be2 Nf6 7. O-O O-O 8.
Bg5 Bxc3 9. bxc3 Qd6 10. Bxf6 Qxf6 11. Ne5 Bxe2 12. Qxe2 Re8 13. Qb5 Nc6 14. f4
Nxe5 15. fxe5 Qc6 16. Qd3 Re6 17. Rf2 Rf8 18. Raf1 Qc4 19. Qh3 Qa6 20. Qg4 b5
21. Qg5 Qc8 22. Rf6 h6 23. Qg3 Qe8 24. R1f4 Kh8 25. Rh4 Kh7 26. Qd3+ Kh8 27.
Qg3 Kh7 28. Qd3+ Kh8 29. Qg3 1/2-1/2

[Event "Koege Lang Sommer Weekend 2020"]
[Site "Koge"]
[Date "2020.07.24"]
[Round "3"]
[White "Leonhardsen, Vebjorn Maanum"]
[Black "Petersen, Rasmus"]
[Result "1/2-1/2"]
[WhiteElo "1836"]
[BlackElo "1689"]
[EventDate "2020.07.??"]
[EventType "swiss"]
[EventRounds "7"]
[EventCountry "DEN"]

1. d4 d5 2. c4 c6 3. Nf3 Nf6 4. Qc2 e6 5. Bg5 Be7 6. e3 O-O 7. Bd3 Nbd7 8. O-O
dxc4 9. Bxc4 b5 10. Bd3 Bb7 11. Nc3 a6 12. Rfd1 Rc8 13. Bxf6 Nxf6 14. Ne4 Nxe4
15. Bxe4 f5 16. Bd3 c5 17. dxc5 Rxc5 18. Qe2 Qc7 19. a4 e5 20. e4 fxe4 21. Bxe4
Rf4 22. Bxb7 Qxb7 23. axb5 Rxb5 24. Rd2 Rfb4 25. Rad1 Qc7 26. h3 h6 27. Rc2 Qb7
28. Rdc1 Qd5 29. Rd1 Qb7 30. Rdc1 Qd5 31. Rd1 Qb7 32. Rdc1 Qd5 1/2-1/2

[Event "Koege Lang Sommer Weekend 2020"]
[Site "Koge"]
[Date "2020.07.24"]
[Round "3"]
[White "Kaergaard, Sissel"]
[Black "Loveid, Erik"]
[Result "1/2-1/2"]
[WhiteElo "1638"]
[BlackElo "1844"]
[EventDate "2020.07.??"]
[EventType "swiss"]
[EventRounds "7"]
[EventCountry "DEN"]

1. d4 Nf6 2. Nf3 e6 3. c4 Bb4+ 4. Bd2 Qe7 5. a3 Bxd2+ 6. Nbxd2 d6 7. e3 O-O 8.
Be2 Nbd7 9. O-O b6 10. Re1 Bb7 11. Bd3 a5 12. e4 e5 13. d5 Nc5 14. Bc2 a4 15.
b4 axb3 16. Nxb3 Nxb3 17. Bxb3 Nd7 18. Ba4 Nc5 19. Bb5 f5 20. exf5 Rxf5 21. Nd4
Rf6 22. Nb3 Nxb3 23. Qxb3 Raf8 24. Rf1 Qf7 25. Qc2 Qh5 26. Rae1 Rh6 27. h3 Bc8
28. Re3 Rg6 29. Kh2 Qg5 30. Rg1 Qf4+ 31. Rg3 Rgf6 32. Rf1 Bf5 33. Qa4 Rg6 34.
Qb3 Be4 35. Kg1 Qf6 36. Rxg6 Bxg6 37. Bd7 Bf5 38. Qb5 Qf7 39. Bxf5 Qxf5 40. Qc6
Qf7 41. a4 Qe8 42. Qxc7 Qb8 43. Qd7 Rd8 44. Qb5 Qc7 45. Rb1 Rc8 46. Rb4 Kf8 47.
Qxb6 Qxb6 48. Rxb6 Rxc4 49. Rxd6 Rxa4 50. Re6 e4 51. Kf1 Kf7 52. Ke2 Rd4 53.
Re5 Kf6 54. Re6+ Kf7 55. g4 Rxd5 56. Rxe4 Ra5 57. Kf3 Ra3+ 58. Re3 Ra4 59. Kg3
g5 60. h4 h6 61. Rb3 Ra6 62. h5 Kg7 63. Rb7+ Kg8 64. Kf3 Rf6+ 65. Kg3 Ra6 66.
Rb3 Kg7 67. f4 gxf4+ 68. Kxf4 Ra4+ 69. Kg3 Ra6 70. Rb7+ Kg8 71. Kh4 Rc6 72. Re7
Ra6 73. g5 Ra4+ 74. Kg3 1/2-1/2

[Event "Koege Lang Sommer Weekend 2020"]
[Site "Koge"]
[Date "2020.07.24"]
[Round "3"]
[White "Saravana, Vedant Kumar"]
[Black "Pawlak, Wojciech Zbignew"]
[Result "1/2-1/2"]
[WhiteElo "1718"]
[BlackElo "1617"]
[EventDate "2020.07.??"]
[EventType "swiss"]
[EventRounds "7"]
[EventCountry "DEN"]

1. e4 c5 2. Nf3 d6 3. d4 cxd4 4. Nxd4 Nf6 5. Nc3 a6 6. Be3 e5 7. Nb3 Be6 8. a4
Qc7 9. Be2 Nc6 10. O-O Na5 11. Nd5 Nxd5 12. exd5 Nxb3 13. cxb3 Bf5 14. Rc1 Qd7
15. Bd3 Bxd3 16. Qxd3 Be7 17. Rc3 O-O 18. Rfc1 Rac8 19. Qc2 Rxc3 20. Qxc3 f5
21. Qc7 Rd8 22. Bb6 Bg5 23. Rc2 f4 24. Qxd7 Rxd7 25. f3 Bf6 26. Kf2 h5 27. Ke2
g5 28. h3 Rg7 29. Rc7 g4 30. hxg4 hxg4 31. Rxg7+ Kxg7 32. Kd3 gxf3 33. gxf3 Kg6
34. Ke4 Kg5 35. Bf2 Bd8 36. Be1 b5 37. Bb4 Bc7 38. Be1 Bd8 39. Bb4 Bc7 1/2-1/2

[Event "Koege Lang Sommer Weekend 2020"]
[Site "Koge"]
[Date "2020.07.24"]
[Round "3"]
[White "Winther Jorgensen, Niclas Alexander"]
[Black "Refsgaard, Kaj"]
[Result "1-0"]
[WhiteElo "1778"]
[BlackElo "1610"]
[EventDate "2020.07.??"]
[EventType "swiss"]
[EventRounds "7"]
[EventCountry "DEN"]

1. c4 c5 2. g3 g6 3. Bg2 Bg7 4. Nf3 d6 5. d4 cxd4 6. Nxd4 Nf6 7. O-O O-O 8. b3
Qb6 9. Bb2 Nc6 10. Nc2 Qc5 11. Nd2 Qh5 12. Nf3 Bh3 13. Nce1 Bxg2 14. Nxg2 Rad8
15. Nf4 Qg4 16. Rc1 e5 17. Ng2 Qh5 18. Ne3 Bh6 19. Rc3 Bxe3 20. Rxe3 Ng4 21.
Rc3 e4 22. Nh4 g5 23. h3 Nge5 24. f4 gxh4 25. fxe5 Nxe5 26. Qd5 Qg6 27. Kh2 h6
28. gxh4 Kh7 29. Rg3 Qh5 30. Qxe4+ f5 31. Qxb7+ Rd7 32. Qxd7+ Rf7 33. Qd8 Qxe2+
34. Rg2 Qxf1 35. Qg8# 1-0

[Event "Koege Lang Sommer Weekend 2020"]
[Site "Koge"]
[Date "2020.07.24"]
[Round "3"]
[White "Gade, Jens"]
[Black "Keinicke, Mads"]
[Result "0-1"]
[WhiteElo "1502"]
[BlackElo "1877"]
[EventDate "2020.07.??"]
[EventType "swiss"]
[EventRounds "7"]
[EventCountry "DEN"]

1. d4 d6 2. e4 Nf6 3. Nc3 e5 4. dxe5 dxe5 5. Qxd8+ Kxd8 6. Bg5 Be6 7. O-O-O+
Kc8 8. Nf3 Nbd7 9. a3 a6 10. h3 h6 11. Bh4 Bd6 12. Nd2 b5 13. Bxf6 Nxf6 14.
Bxb5 axb5 15. Nxb5 Bc5 16. f3 Rb8 17. Nc3 Bd4 18. Na4 Rd8 19. Rhe1 Rd6 20. c3
Ba7 21. c4 Bd4 22. Kc2 Nh5 23. g4 Nf4 24. h4 Ng2 25. Re2 Ne3+ 26. Rxe3 Bxe3 27.
b3 Bxd2 0-1

[Event "Koege Lang Sommer Weekend 2020"]
[Site "Koge"]
[Date "2020.07.24"]
[Round "3"]
[White "Petersen, Daniel"]
[Black "Andersen, Daniel"]
[Result "0-1"]
[WhiteElo "1618"]
[BlackElo "1747"]
[EventDate "2020.07.??"]
[EventType "swiss"]
[EventRounds "7"]
[EventCountry "DEN"]

1. d4 Nf6 2. c4 g6 3. Nc3 d5 4. cxd5 Nxd5 5. e4 Nxc3 6. bxc3 Bg7 7. Bc4 c5 8.
Ne2 O-O 9. O-O Qc7 10. d5 Nd7 11. f4 Nb6 12. Bb3 c4 13. Bc2 Bg4 14. Bd2 Qc5+
15. Kh1 e6 16. dxe6 Bxe6 17. f5 Bd7 18. f6 Bh8 19. Nd4 Be6 20. Qe1 Nd7 21. Qh4
Qe5 22. Bg5 h6 23. Qxh6 Nxf6 24. Bf4 Qh5 25. Nxe6 fxe6 26. e5 Ng4 27. Qxh5 gxh5
28. Rae1 Nxe5 29. Kg1 Nd3 30. Bxd3 cxd3 31. Rxe6 Bxc3 32. Rd6 Rad8 33. Rxd8
Rxd8 34. Rd1 b5 35. Kf2 b4 36. Ke3 Rd5 37. Bc7 d2 38. Ke4 Rd7 39. Bf4 a5 40.
Ke3 a4 41. Ke2 b3 42. axb3 a3 43. Bxd2 Rxd2+ 0-1

[Event "Koege Lang Sommer Weekend 2020"]
[Site "Koge"]
[Date "2020.07.24"]
[Round "3"]
[White "Borg, Flemming"]
[Black "Mollasoltani, Aryan"]
[Result "1/2-1/2"]
[WhiteElo "1665"]
[BlackElo "1439"]
[EventDate "2020.07.??"]
[EventType "swiss"]
[EventRounds "7"]
[EventCountry "DEN"]

1. e4 d5 2. exd5 Qxd5 3. Nc3 Qa5 4. d4 Nf6 5. Nf3 e6 6. Be2 Be7 7. O-O O-O 8.
Ne5 Nbd7 9. f4 c5 10. Nc4 Qd8 11. Be3 a6 12. Bf3 Rb8 13. f5 cxd4 14. Qxd4 Bc5
15. Qf4 Bxe3+ 16. Nxe3 exf5 17. Nxf5 Qb6+ 18. Kh1 Qxb2 19. Ne4 Nxe4 20. Bxe4
Qe5 21. Qh4 Nf6 22. Rae1 Nxe4 23. Rxe4 Qxf5 24. Rxf5 Bxf5 25. Re2 b5 26. g4 Be6
27. a3 b4 28. Re3 b3 29. Rh3 h6 30. cxb3 Rxb3 31. Rxb3 Bxb3 32. g5 hxg5 33.
Qxg5 Re8 34. Qg3 Bd5+ 35. Kg1 Be4 36. h4 Re6 37. Kf2 Bg6 38. Qg5 Rf6+ 39. Ke3
Rf5 40. Qd8+ Kh7 41. Qd4 1/2-1/2

[Event "Koege Lang Sommer Weekend 2020"]
[Site "Koge"]
[Date "2020.07.24"]
[Round "3"]
[White "Derlich, Christian"]
[Black "Li, Nikolaj"]
[Result "1/2-1/2"]
[WhiteElo "879"]
[BlackElo "1096"]
[EventDate "2020.07.??"]
[EventType "swiss"]
[EventRounds "7"]
[EventCountry "DEN"]

1. e4 e6 2. Nf3 d5 3. exd5 exd5 4. d4 c5 5. c4 Qe7+ 6. Be2 dxc4 7. O-O b5 8. b3
Be6 9. bxc4 bxc4 10. Qa4+ Qd7 11. Qxd7+ Nxd7 12. Nc3 g6 13. Re1 Nb6 14. Rb1 Bg7
15. Nb5 Kd7 16. dxc5 Na4 17. Bd1 Nxc5 18. Ne5+ Bxe5 19. Rxe5 Nd3 20. Re3 Bf5
21. Bc2 Nf6 22. Nd4 Ng4 23. Ba4+ Kd6 24. Nb5+ Kd5 25. Nc7+ Kd6 26. Nxa8 Nxe3
27. Ba3+ Nc5 28. Rb5 Nd5 29. Bxc5+ Ke6 30. Rb2 Rxa8 31. Re2+ Kf6 32. Bd4+ Kg5
33. Re5 Nb6 34. Bd1 Rd8 35. h4+ Kxh4 36. Rxf5 Rxd4 37. Rxf7 Rxd1+ 38. Kh2 h5
39. Rg7 Kg5 40. Rxa7 c3 41. Rc7 Na4 42. Rc4 Rd2 43. Rxa4 Kf5 44. Kg3 Rd3+ 45.
f3 Ke5 46. Rc4 Kd5 47. Rc8 Kd4 48. Kf2 Rd2+ 49. Kf1 Rxa2 50. Rd8+ Ke3 51. Re8+
Kd2 52. Re2+ Kd1 53. Rxa2 c2 54. Rxc2 Kxc2 55. Kf2 Kd3 56. Kg3 Ke3 57. Kh4 Kf4
58. Kh3 g5 59. Kh2 Ke3 60. Kg3 Ke2 61. f4 gxf4+ 1/2-1/2

[Event "Koege Lang Sommer Weekend 2020"]
[Site "Koge"]
[Date "2020.07.24"]
[Round "3"]
[White "Knudsen, Martin Mosgaard"]
[Black "Meskenas, Vaidas"]
[Result "1-0"]
[WhiteElo "1681"]
[BlackElo "1297"]
[EventDate "2020.07.??"]
[EventType "swiss"]
[EventRounds "7"]
[EventCountry "DEN"]

1. d4 d5 2. Bf4 Nc6 3. e3 Bf5 4. c4 e6 5. Nc3 Nf6 6. c5 a6 7. Nf3 g6 8. Qa4 Bg7
9. Ne5 O-O 10. Nxc6 bxc6 11. Qxc6 Qb8 12. O-O-O Ra7 13. Qa4 Qb7 14. f3 Rb8 15.
b3 Qb4 16. Qxb4 Rxb4 17. h3 h6 18. g4 g5 19. Be5 Bg6 20. Bd3 Bh7 21. Kb2 a5 22.
Na4 Bxd3 23. Rxd3 Nd7 24. Bxg7 Kxg7 25. Nc3 a4 26. Ka3 Rbb7 27. c6 axb3+ 28.
Kb2 bxa2+ 29. cxb7 1-0

[Event "Koege Lang Sommer Weekend 2020"]
[Site "Koge"]
[Date "2020.07.24"]
[Round "3"]
[White "Skjoldborg, Lasse Dahl"]
[Black "Molvig, Alfred"]
[Result "0-1"]
[WhiteElo "1188"]
[BlackElo "1000"]
[EventDate "2020.07.??"]
[EventType "swiss"]
[EventRounds "7"]
[EventCountry "DEN"]

1. g3 d5 2. Nf3 Bf5 3. Nc3 Nc6 4. d4 f6 5. Bf4 e6 6. Bg2 Bd6 7. Qc1 Nge7 8. Qe3
g5 9. Bxd6 Qxd6 10. Nb5 Qb4+ 11. Nc3 Qxb2 12. O-O O-O-O 13. Ne1 e5 14. Na4 Qxa1
15. Qb3 Qxd4 16. Nf3 Qg4 17. Rb1 b6 18. Nd2 Qxe2 19. Nf1 Bxc2 20. Qb2 Nd4 21.
Bh3+ Kb7 22. Nc5+ Ka8 23. Ne6 Bxb1 24. Nxc7+ Kb7 25. Qxb1 g4 26. Qb4 Nf3+ 27.
Kg2 gxh3+ 28. Kxh3 Qxf1+ 29. Kg4 Nxh2+ 0-1

[Event "Koege Lang Sommer Weekend 2020"]
[Site "Koge"]
[Date "2020.07.24"]
[Round "3"]
[White "Petersen, Pernille Nakskov"]
[Black "Koch Mueller, Jesper"]
[Result "0-1"]
[WhiteElo "1000"]
[BlackElo "1164"]
[EventDate "2020.07.??"]
[EventType "swiss"]
[EventRounds "7"]
[EventCountry "DEN"]

1. e4 e5 2. Nf3 d6 3. d4 c6 4. dxe5 d5 5. Qd4 c5 6. Qd1 d4 7. Bc4 Nc6 8. O-O b6
9. Bf4 g6 10. c3 Nge7 11. Qd2 Na5 12. Bb5+ Bd7 13. Bxd7+ Qxd7 14. cxd4 Nc4 15.
Qd3 Nxb2 16. Nc3 Nxd3 17. Rad1 Nxf4 18. h3 c4 19. d5 Bg7 20. Nb1 O-O 21. Rfe1
Nd3 22. Re2 b5 23. e6 fxe6 24. dxe6 Qc6 25. Nc3 Bxc3 26. Ng5 Bd4 27. Rb1 Bxf2+
28. Kf1 Bh4+ 29. Nf3 Bg3 30. Re3 Qc5 31. Ke2 Nf4+ 32. Kd2 Rfd8+ 33. Kc3 Qxe3+
34. Kb2 Rd6 35. e5 c3+ 36. Ka3 c2+ 37. Kb4 cxb1=Q+ 38. Ka5 Qb6# 0-1

[Event "Koege Lang Sommer Weekend 2020"]
[Site "Koge"]
[Date "2020.07.24"]
[Round "3"]
[White "Derlich, Sarah Sima"]
[Black "Noori, Yusuf"]
[Result "1-0"]
[WhiteElo "1054"]
[BlackElo "1000"]
[EventDate "2020.07.??"]
[EventType "swiss"]
[EventRounds "7"]
[EventCountry "DEN"]

1. e4 c5 2. Nc3 Nc6 3. Nf3 d6 4. Bc4 g6 5. Ng5 Ne5 6. Bb3 c4 7. Ba4+ Bd7 8.
Bxd7+ Qxd7 9. d4 cxd3 10. cxd3 h6 11. Nf3 Nc6 12. d4 Bg7 13. O-O e6 14. Re1
Nge7 15. d5 Nd8 16. Qd3 e5 17. a4 a6 18. b4 b6 19. Ba3 O-O 20. Bc1 Kh7 21. Nh4
Qg4 22. Nf3 Qd7 23. Re3 Nb7 24. Nh4 a5 25. bxa5 bxa5 26. Rh3 h5 27. Qg3 Nc8 28.
Nf5 Rg8 29. Rxh5+ gxh5 30. Qg5 1-0

[Event "Koege Lang Sommer Weekend 2020"]
[Site "Koge"]
[Date "2020.07.24"]
[Round "3"]
[White "Brintlev, Isak Babi"]
[Black "Li, Anna Sofie"]
[Result "1-0"]
[WhiteElo "1116"]
[BlackElo "1043"]
[EventDate "2020.07.??"]
[EventType "swiss"]
[EventRounds "7"]
[EventCountry "DEN"]

1. e4 e6 2. d4 d5 3. e5 c5 4. c3 Qb6 5. Nf3 Nc6 6. Be2 Nge7 7. dxc5 Qxc5 8. Be3
Qa5 9. b4 Qc7 10. Bd4 Nf5 11. Bb5 Bd7 12. Bxc6 Bxc6 13. O-O Be7 14. Nbd2 O-O
15. a4 f6 16. Nb3 fxe5 17. Bxe5 Bd6 18. Qe2 Rf7 19. Nbd4 Nxd4 20. cxd4 Raf8 21.
Ng5 Re7 22. Qc2 Rf5 23. f4 Qd7 24. b5 h6 25. Nh3 Bxe5 26. fxe5 Rxf1+ 27. Rxf1
Bxb5 28. axb5 Qxb5 29. Nf4 Rf7 30. Qd3 Qb6 31. g3 g5 32. Ne2 Rxf1+ 33. Kxf1 Qc7
34. Qg6+ Qg7 35. Qxe6+ Qf7+ 36. Qxf7+ Kxf7 37. Ke1 a5 38. Nc3 Ke6 39. Kd2 Kf5
40. Kc2 h5 41. Kb3 h4 42. gxh4 gxh4 43. Ka4 b6 44. Nxd5 b5+ 45. Kxa5 Ke6 46.
Kxb5 Kxd5 47. Kb4 Ke6 48. Kc3 Kd5 49. Kd3 Ke6 50. Ke4 Kd7 51. Kf4 Ke6 52. Kg4
h3 53. Kxh3 Kd7 54. Kg4 Ke6 55. h4 Kf7 56. h5 Kg7 57. d5 Kf7 58. h6 Kg8 59. d6
Kh7 60. d7 Kxh6 61. d8=Q Kh7 62. Qd6 Kh8 63. Qd7 Kg8 64. Kf5 Kf8 65. Kg6 Kg8
66. Qg7# 1-0

[Event "Koege Lang Sommer Weekend 2020"]
[Site "Koge"]
[Date "2020.07.24"]
[Round "3"]
[White "Petersen, Erling Hoff"]
[Black "Jensen, William Gronn"]
[Result "1-0"]
[WhiteElo "1000"]
[BlackElo "877"]
[EventDate "2020.07.??"]
[EventType "swiss"]
[EventRounds "7"]
[EventCountry "DEN"]

1. d4 d5 2. Bf4 Nf6 3. e3 Bf5 4. Nf3 e6 5. Ne5 Nbd7 6. g3 Nxe5 7. dxe5 Nd7 8.
Bg2 g5 9. g4 gxf4 10. gxf5 fxe3 11. fxe3 Nxe5 12. Qd4 Bg7 13. Qa4+ Nc6 14. Nc3
d4 15. exd4 Qxd4 16. Bxc6+ bxc6 17. Qxc6+ Ke7 18. Qxc7+ Kf6 19. fxe6 Qe3+ 20.
Ne2 Rac8 21. Qxf7+ Ke5 22. Qxg7+ Kxe6 23. Qg4+ Ke7 24. Rc1 Rc7 25. Qg7+ 1-0

[Event "Koege Lang Sommer Weekend 2020"]
[Site "Koge"]
[Date "2020.07.25"]
[Round "4"]
[White "Nilsson, Anders"]
[Black "Wahlund, Max"]
[Result "1-0"]
[WhiteElo "2227"]
[BlackElo "2124"]
[EventDate "2020.07.??"]
[EventType "swiss"]
[EventRounds "7"]
[EventCountry "DEN"]

1. d4 d5 2. Bf4 c5 3. e3 cxd4 4. exd4 Nc6 5. c3 f6 6. Bb5 Bf5 7. Ne2 e6 8. Ng3
Bxb1 9. Rxb1 Bd6 10. Qg4 Bxf4 11. Qxf4 Kf7 12. O-O Nge7 13. Rfe1 Ng6 14. Qg4
Qd6 15. Nh5 Nce7 16. Re2 f5 17. Qf3 a6 18. Ba4 b5 19. Bc2 Nf8 20. Rbe1 g5 21.
Rxe6 Nxe6 22. Bxf5 Nf4 23. Be6+ Ke8 24. Ng7+ Kd8 25. g3 Rf8 26. gxf4 Rxf4 27.
Qg3 Kc7 28. Bh3 Re4 29. Ne6+ Kc6 30. Qxd6+ Kxd6 31. Rxe4 dxe4 32. Nc5 h6 33.
Nxe4+ Kd5 34. Bg2 Ra7 35. Nxg5+ Kc4 36. Bf1+ Kd5 37. Bg2+ Kc4 38. Bf1+ Kd5 39.
Nf7 Nf5 40. Bg2+ Ke6 41. Nd8+ Kd6 42. Nb7+ Kc7 43. Nc5 a5 44. Kf1 b4 45. Ke2
bxc3 46. bxc3 Kd6 47. Bb7 Ng7 48. Ne4+ Ke7 49. Bc6 Ra6 50. d5 Nf5 51. a4 Rb6
52. Bb5 Nd6 53. Nxd6 Kxd6 54. c4 Kc5 55. Ke3 Rg6 56. Kf3 Rf6+ 57. Kg3 Rg6+ 58.
Kh3 Rf6 59. Kg2 Rg6+ 60. Kf1 Rf6 61. h3 Rf8 62. Ke2 Rf4 63. Kf1 Rf6 64. Kg2
Rg6+ 65. Kf3 Rf6+ 66. Kg3 Rg6+ 67. Kf4 Rf6+ 68. Ke3 Rf5 69. f4 Kd6 70. Ke4 Rh5
71. Kd4 Rxh3 72. c5+ Ke7 73. d6+ Ke6 74. Bc4+ Kd7 75. Bd3 Rh4 76. Bf5+ Kc6 77.
Be4+ Kd7 78. Ke5 h5 79. c6+ 1-0

[Event "Koege Lang Sommer Weekend 2020"]
[Site "Koge"]
[Date "2020.07.25"]
[Round "4"]
[White "Hoi, Carsten"]
[Black "Andersen, Rune Egede"]
[Result "1/2-1/2"]
[WhiteElo "2335"]
[BlackElo "2003"]
[EventDate "2020.07.??"]
[EventType "swiss"]
[EventRounds "7"]
[EventCountry "DEN"]

1. d4 Nf6 2. c4 c6 3. Nc3 d5 4. e3 e6 5. Nf3 Bd6 6. Bd3 Nbd7 7. O-O O-O 8. e4
dxc4 9. Bxc4 e5 10. Bg5 b5 11. Bb3 exd4 12. Qxd4 Bc5 13. Bxf6 Qxf6 14. Qxf6
gxf6 15. Rac1 Bb6 16. Ne2 Ne5 17. Nxe5 fxe5 18. Rxc6 Bb7 19. Rd6 Rad8 20. Rfd1
Rxd6 21. Rxd6 Bxe4 22. Nc3 Bg6 23. Nxb5 Rc8 24. Nc3 Bd4 25. h3 Kf8 26. Rd7 a6
27. Rd6 Bd3 28. Rd7 Bg6 29. h4 Rc6 30. Kf1 Rf6 31. Nd1 Bd3+ 32. Ke1 Bb5 33. Rc7
Bb6 34. Rc8+ Kg7 35. a4 Bd7 36. Rb8 Bd4 37. Ke2 Rf4 38. Ne3 Bxb2 39. g3 Rf6 40.
Bc4 Bd4 41. Bb3 Rb6 1/2-1/2

[Event "Koege Lang Sommer Weekend 2020"]
[Site "Koge"]
[Date "2020.07.25"]
[Round "4"]
[White "Eriksson, Christian Altenburg"]
[Black "Pedersen, Henrik Dahl"]
[Result "0-1"]
[WhiteElo "2119"]
[BlackElo "2225"]
[EventDate "2020.07.??"]
[EventType "swiss"]
[EventRounds "7"]
[EventCountry "DEN"]

1. e4 e6 2. d4 d5 3. e5 c5 4. c3 Nc6 5. Nf3 Qb6 6. a3 Bd7 7. Be2 Nh6 8. b4 cxd4
9. cxd4 Nf5 10. Be3 f6 11. exf6 gxf6 12. Bd3 Nxe3 13. fxe3 Bd6 14. O-O O-O-O
15. Nc3 Ne7 16. Rc1 Kb8 17. Kh1 Rc8 18. Qb3 f5 19. Na4 Bxa4 20. Qxa4 Qd8 21. b5
Rg8 22. Qb3 Rxc1 23. Rxc1 Ng6 24. g3 h5 25. Rg1 Nf8 26. a4 Nd7 27. Qa2 Nf6 28.
a5 Ng4 29. a6 b6 30. Qd2 Qe7 31. Rc1 h4 32. gxh4 Bxh2 33. Nxh2 Qxh4 34. Rc2 Rh8
35. Kg1 Qg3+ 36. Qg2 Qxe3+ 37. Kf1 Qxd3+ 0-1

[Event "Koege Lang Sommer Weekend 2020"]
[Site "Koge"]
[Date "2020.07.25"]
[Round "4"]
[White "Molvig, Henrik"]
[Black "Molvig, Julius"]
[Result "1/2-1/2"]
[WhiteElo "2075"]
[BlackElo "1955"]
[EventDate "2020.07.??"]
[EventType "swiss"]
[EventRounds "7"]
[EventCountry "DEN"]

1. d4 Nf6 2. c4 c5 3. d5 b5 4. cxb5 a6 5. b6 Qxb6 6. Nc3 d6 7. e4 g6 8. a4 Bg7
9. a5 Qc7 10. Bc4 O-O 11. f4 e6 12. dxe6 fxe6 13. Nf3 Nc6 14. O-O Nd4 15. Nxd4
cxd4 16. Qxd4 Ng4 17. Qd3 Qc5+ 18. Kh1 Nf2+ 19. Rxf2 Qxf2 20. Bd2 Qd4 21. Qe2
Qa7 22. Rd1 Bd4 23. Qg4 d5 24. exd5 exd5 25. Bxd5+ Kg7 26. Qf3 Rb8 27. Na4 Bf5
28. Nb6 Rxb6 29. axb6 Qxb6 30. Bc3 1/2-1/2

[Event "Koege Lang Sommer Weekend 2020"]
[Site "Koge"]
[Date "2020.07.25"]
[Round "4"]
[White "Kistrup, Nicolai"]
[Black "Thomasson, Staffan"]
[Result "1-0"]
[WhiteElo "2170"]
[BlackElo "1900"]
[EventDate "2020.07.??"]
[EventType "swiss"]
[EventRounds "7"]
[EventCountry "DEN"]

1. d4 g6 2. c4 c6 3. Nf3 d5 4. e3 Nf6 5. Bd3 Bg7 6. Qc2 Nbd7 7. Nc3 O-O 8. O-O
Re8 9. b3 e5 10. cxd5 Nxd5 11. Nxd5 cxd5 12. dxe5 Nxe5 13. Nxe5 Bxe5 14. Bb2 d4
15. exd4 Bxd4 16. Rad1 Bxb2 17. Bb5 Qf6 18. Bxe8 Bg4 19. Rd2 Bc3 20. Rd3 Rc8
21. Bd7 Bxd7 22. Rxd7 Rc5 23. Qd3 Rh5 24. Rd5 Be5 25. f4 Bc7 26. Rxh5 Bb6+ 27.
Kh1 gxh5 28. Qb5 Qb2 29. Re1 Be3 30. Qe8+ Kg7 31. Qxe3 1-0

[Event "Koege Lang Sommer Weekend 2020"]
[Site "Koge"]
[Date "2020.07.25"]
[Round "4"]
[White "Keinicke, Mads"]
[Black "Gregor, Bjarke"]
[Result "1/2-1/2"]
[WhiteElo "1877"]
[BlackElo "2081"]
[EventDate "2020.07.??"]
[EventType "swiss"]
[EventRounds "7"]
[EventCountry "DEN"]

1. d4 Nf6 2. Nc3 d5 3. Bf4 e6 4. Nb5 Na6 5. a3 c6 6. Nc3 Bd6 7. e3 O-O 8. Nf3
Bxf4 9. exf4 b6 10. Be2 c5 11. O-O cxd4 12. Qxd4 Nc5 13. Ne5 Bb7 14. Rad1 Rc8
15. f3 Qe7 16. Rfe1 Nfd7 17. Bf1 f6 18. Nd3 Qf7 19. Nb5 Qh5 20. Nxa7 e5 21.
fxe5 Nxd3 22. Qxd3 Ra8 23. Nb5 Nxe5 24. Qd4 Qg6 25. Kh1 Qxc2 26. Rc1 Qg6 27.
Qxb6 Rab8 28. Qe6+ Kh8 29. Rc7 Rbe8 30. Re7 Bc8 31. Rxe8 Bxe6 32. Rxf8+ Bg8 33.
Rc1 Nd3 34. Rcc8 Nf2+ 35. Kg1 Nh3+ 36. Kh1 Nf2+ 37. Kg1 Nh3+ 1/2-1/2

[Event "Koege Lang Sommer Weekend 2020"]
[Site "Koge"]
[Date "2020.07.25"]
[Round "4"]
[White "Jarlskov, Daniel Tuk Hartso"]
[Black "Meskenas, Paulius"]
[Result "1/2-1/2"]
[WhiteElo "1770"]
[BlackElo "2027"]
[EventDate "2020.07.??"]
[EventType "swiss"]
[EventRounds "7"]
[EventCountry "DEN"]

1. c4 Nf6 2. d4 g6 3. Nc3 d5 4. cxd5 Nxd5 5. e4 Nxc3 6. bxc3 Bg7 7. Bc4 c5 8.
Ne2 Qa5 9. O-O O-O 10. Qb3 Nc6 11. Be3 b6 12. f4 Bg4 13. d5 Nd8 14. Rac1 a6 15.
Bd3 Nb7 16. Ng3 Bd7 17. e5 Rac8 18. Rb1 c4 19. Qxb6 cxd3 20. Qxb7 Bb5 21. Bd4
Bc4 22. Qxe7 Qxd5 23. Qb7 Rc6 24. Rb6 Bb5 25. Rf2 Rfc8 26. f5 R8c7 27. Qa8+ Rc8
28. Qb7 1/2-1/2

[Event "Koege Lang Sommer Weekend 2020"]
[Site "Koge"]
[Date "2020.07.25"]
[Round "4"]
[White "Svendsen, Mads O"]
[Black "Moller, Arne Vagn"]
[Result "1-0"]
[WhiteElo "1987"]
[BlackElo "1893"]
[EventDate "2020.07.??"]
[EventType "swiss"]
[EventRounds "7"]
[EventCountry "DEN"]

1. e4 c5 2. Nf3 d6 3. d4 cxd4 4. Nxd4 Nf6 5. Nc3 a6 6. g3 e6 7. Bg2 Be7 8. O-O
O-O 9. f4 Qc7 10. g4 Nc6 11. Nxc6 bxc6 12. g5 Nd7 13. f5 exf5 14. exf5 d5 15.
Qe1 Bc5+ 16. Kh1 Bb7 17. Qh4 Rfe8 18. Rf3 Qe5 19. Bf4 Qxf5 20. Bh3 Qxc2 21.
Bxd7 Re7 22. Rc1 Qg6 23. Qh3 Re6 24. Bxe6 fxe6 25. Na4 Ba7 26. Nc5 Bc8 27. Bd6
1-0

[Event "Koege Lang Sommer Weekend 2020"]
[Site "Koge"]
[Date "2020.07.25"]
[Round "4"]
[White "Steenstrup, Svend"]
[Black "Winther Jorgensen, Niclas Alexander"]
[Result "0-1"]
[WhiteElo "1903"]
[BlackElo "1778"]
[EventDate "2020.07.??"]
[EventType "swiss"]
[EventRounds "7"]
[EventCountry "DEN"]

1. d4 e6 2. e4 d5 3. e5 c5 4. c3 Nc6 5. Nf3 Bd7 6. Bd3 Rc8 7. Nbd2 Qb6 8. O-O
cxd4 9. cxd4 Nxd4 10. Nxd4 Qxd4 11. Qe2 a6 12. Nb3 Qa4 13. Be3 Be7 14. Nd4 h5
15. b3 Qa5 16. Rac1 Ba3 17. Rxc8+ Bxc8 18. f4 g6 19. h3 Qd8 20. Qc2 Ne7 21. g4
hxg4 22. hxg4 Bd7 23. Rf2 Nc6 24. Rh2 Rxh2 25. Qxh2 Qa5 26. Qh8+ Bf8 27. Qh4
Qc3 28. Nxc6 Bxc6 29. Bb6 Be7 30. Qh3 Qe1+ 31. Bf1 Bh4 32. Qe3 Qg3+ 33. Qxg3
Bxg3 34. Be3 d4 35. Bd2 Bf3 36. Bg2 Bc6 37. Bxc6+ bxc6 38. Kg2 Bh4 39. g5 c5
40. Kh3 Bf2 41. Kg2 Be3 42. Bxe3 dxe3 43. Kf3 Kd7 44. Kxe3 Kc6 45. Kd3 Kd5 46.
Kc3 Ke4 47. Kc4 Kxf4 48. Kxc5 Kxg5 49. b4 Kf5 50. a4 g5 51. b5 axb5 52. a5 g4
53. Kd4 Kf4 54. a6 g3 55. Kd3 g2 56. a7 g1=Q 57. a8=Q Qe3+ 58. Kc2 Qe4+ 0-1